000 00286nam a22001337a 4500
008 170207b xxu||||| |||| 00| 0 eng d
020 _a9780805308808
041 _aeng
080 _a61
100 _a4
101 _aSHM
245 _aTHE WORLD OF CELL
_cWAYNE BECKER
942 _2udc
_cBK
999 _c4851
_d4851